Datos históricos sobre los sarcófagos romano-cristianos de España / (Record no. 145154)
[ view plain ]
| 000 -LEADER | |
|---|---|
| campo de control de longitud fija | 00605nam a2200169 4500 |
| 001 - NÚMERO DE CONTROL | |
| campo de control | 145154 |
| 003 - IDENTIFICADOR DE NÚMERO DE CONTROL | |
| campo de control | ES-MaACL |
| 005 - FECHA Y HORA DE LA ÚLTIMA TRANSACCIÓN | |
| campo de control | 20230906201156.0 |
| 007 - CAMPO FIJO DE DESCRIPCIÓN FÍSICA--INFORMACIÓN GENERAL | |
| campo de control de longitud fija | t| |
| 008 - DATOS DE LONGITUD FIJA--INFORMACIÓN GENERAL | |
| campo de control de longitud fija | 070214s1973 sp r ||||1| spa d |
| 100 1# - ENTRADA PRINCIPAL--NOMBRE DE PERSONA | |
| Nombre de persona | Sotomayor Muro, Manuel. |
| 9 (RLIN) | 107544 |
| 245 10 - MENCIÓN DEL TÍTULO | |
| Título | Datos históricos sobre los sarcófagos romano-cristianos de España / |
| Mención de responsabilidad, etc. | Manuel Sotomayor Muro. |
| 260 ## - PUBLICACIÓN, DISTRIBUCIÓN, ETC. | |
| Lugar de publicación, distribución, etc. | Granada : |
| Nombre del editor, distribuidor, etc. | Universidad, Facultad de Filosofía y Letras, |
| Fecha de publicación, distribución, etc. | 1973. |
| 300 ## - DESCRIPCIÓN FÍSICA | |
| Extensión | 135 p. 110 lám.? ; |
| Dimensiones | 25 cm. |
| 710 2# - ENTRADA AGREGADA--NOMBRE DE ENTIDAD CORPORATIVA | |
| Nombre de entidad corporativa o nombre de jurisdicción como elemento de entrada | Universidad de Granada. |
| Unidad subordinada | Facultad de Filosofía y Letras. |
| 9 (RLIN) | 7183 |
| 852 ## - LOCALIZACIÓN | |
| Ubicación | ES-MaACL |
| Número de control de estantería | C-54213 |
| Sublocalización o colección | R.86837 |
| Estatus retirado | Estado de pérdida | Estado de daño | No para préstamo | Biblioteca de origen | Biblioteca actual | Ubicación en estantería | Fecha de adquisición | Fuente de adquisición | Total de préstamos | Signatura topográfica completa | Código de barras | Visto por última vez | Precio de reemplazo | Tipo de ítem Koha |
|---|---|---|---|---|---|---|---|---|---|---|---|---|---|---|
| Biblioteca del Ateneo de Madrid | Biblioteca del Ateneo de Madrid | Depósito 2 | 17/01/2008 | C-54213 | 1151519 | 23/02/2023 | 23/02/2023 | Libro impreso |
